| 000 | 00322nam a22001337a 4500 | ||
|---|---|---|---|
| 020 | _qPB. | ||
| 040 | _cFIZZA ISHAQ | ||
| 082 |
_a624.151 _bJOH |
||
| 100 |
_aCERNICA, N. JHON. _985981 |
||
| 245 |
_aFUNDATION DESIGN / _c JHON N CERNICA. |
||
| 260 |
_aCANADA : _bJHON WILEY, _c1995. |
||
| 300 | _a486 P. ; | ||
| 942 |
_2ddc _cBK |
||
| 999 |
_c587197 _d587197 |
||